Statistics for Most Populated European Islands

Click here to take the quiz!

General Stats

  • This quiz has been taken 75 times
    (35 since last reset)
  • The average score is 6 of 10

Answer Stats

PopulationAnswer% Correct
64,500,000Great Britain
100%
7,000,000Ireland
97%
1,670,012Sardinia
88%
5,036,222Sicily
88%
623,055Crete
69%
888,876Majorca
69%
2,303,774Zealand
56%
447087Fyn
38%
847,987Gran Canaria
19%
797,333Sodertorn
13%

Score Distribution

Percentile by Number Answered

Percent of People with Each Score

Your Score History

You have not taken this quiz since the last reset